| 000 -LEADER |
| fixed length control field |
00454cam a22001097a 4500 |
| 008 - FIXED-LENGTH DATA ELEMENTS--GENERAL INFORMATION |
| fixed length control field |
180718b1954 xxu||||| |||| 00| 0 eng d |
| 082 ## - DEWEY DECIMAL CLASSIFICATION NUMBER |
| Classification number |
Dx42 Un3h |
| 245 ## - TITLE STATEMENT |
| Title |
British Foreign Policy: a brief collection of fact and quotation |
| Statement of responsibility, etc. |
by Reference Division, Central Office of Information |
| 260 ## - PUBLICATION, DISTRIBUTION, ETC. |
| Place of publication, distribution, etc. |
London |
| Name of publisher, distributor, etc. |
Reference Division. Central Office of Information |
| Date of publication, distribution, etc. |
1954 |
| 300 ## - PHYSICAL DESCRIPTION |
| Extent |
19+p. |
| 700 ## - ADDED ENTRY--PERSONAL NAME |
| Personal name |
United Kingdom. Central Office of Information. Reference Division |